<?xml version="1.0" encoding="UTF-8"?><?xml-stylesheet type="text/xsl" href="static/style.xsl"?><OAI-PMH xmlns="http://www.openarchives.org/OAI/2.0/" xmlns:xsi="http://www.w3.org/2001/XMLSchema-instance" xsi:schemaLocation="http://www.openarchives.org/OAI/2.0/ http://www.openarchives.org/OAI/2.0/OAI-PMH.xsd"><responseDate>2026-04-28T21:10:28Z</responseDate><request verb="GetRecord" identifier="oai:uvadoc.uva.es:10324/20060" metadataPrefix="marc">https://uvadoc.uva.es/oai/request</request><GetRecord><record><header><identifier>oai:uvadoc.uva.es:10324/20060</identifier><datestamp>2021-06-30T08:28:01Z</datestamp><setSpec>com_10324_7462</setSpec><setSpec>com_10324_5186</setSpec><setSpec>com_10324_29291</setSpec><setSpec>col_10324_7510</setSpec></header><metadata><record xmlns="http://www.loc.gov/MARC21/slim" xmlns:doc="http://www.lyncode.com/xoai" xmlns:xsi="http://www.w3.org/2001/XMLSchema-instance" xmlns:dcterms="http://purl.org/dc/terms/" xsi:schemaLocation="http://www.loc.gov/MARC21/slim http://www.loc.gov/standards/marcxml/schema/MARC21slim.xsd">
<leader>00925njm 22002777a 4500</leader>
<datafield tag="042" ind1=" " ind2=" ">
<subfield code="a">dc</subfield>
</datafield>
<datafield tag="720" ind1=" " ind2=" ">
<subfield code="a">Díez Espinosa, José Ramón</subfield>
<subfield code="e">author</subfield>
</datafield>
<datafield tag="260" ind1=" " ind2=" ">
<subfield code="c">1992</subfield>
</datafield>
<datafield tag="520" ind1=" " ind2=" ">
<subfield code="a">El desarrollo y desenlace de la Gran Guerra sitúa a Alemania en la divisoria de dos mundos. Como si de un conflicto generacional se tratara, la November revolution de 1918 expresa la rebelión política y cultural del hijo (República) contra el padre (Imperio). El socialismo y la democracia son los componentes básicos de una experiencia que aspira a superar los antagonismos anteriores y crear las condiciones idóneas para una nueva Alemania (humanidad). La República de noviembre pretendió ser la respuesta a este desafío.</subfield>
</datafield>
<datafield tag="520" ind1=" " ind2=" ">
<subfield code="a">The evolution and outcome of the Great War place Germany on the dividing line of two worlds. The November revolution of 1918 expresses the political and cultural revolt of the son (Republic) against the father (Empire), as if it were a conflict between two generations. Socialism and democracy are the basic constituents of an experience aims to overcome former antagonisms and create suitable conditions for a new Germany (humanity). The Republic of November tried to be the answer to this challenge.</subfield>
</datafield>
<datafield tag="024" ind2=" " ind1="8">
<subfield code="a">Investigaciones históricas: Época moderna y contemporánea, 1992, N.12, pags.315-344</subfield>
</datafield>
<datafield tag="024" ind2=" " ind1="8">
<subfield code="a">0210-9425</subfield>
</datafield>
<datafield tag="024" ind2=" " ind1="8">
<subfield code="a">http://uvadoc.uva.es/handle/10324/20060</subfield>
</datafield>
<datafield tag="024" ind2=" " ind1="8">
<subfield code="a">315</subfield>
</datafield>
<datafield tag="024" ind2=" " ind1="8">
<subfield code="a">12</subfield>
</datafield>
<datafield tag="024" ind2=" " ind1="8">
<subfield code="a">344</subfield>
</datafield>
<datafield ind1=" " ind2=" " tag="653">
<subfield code="a">Historia moderna y contemporánea</subfield>
</datafield>
<datafield tag="245" ind1="0" ind2="0">
<subfield code="a">Hacia una nueva "Weltanschauung": Socialismo y democracia en el cambio político y cultural de Alemania (1918-1919)</subfield>
</datafield>
</record></metadata></record></GetRecord></OAI-PMH>